000 00951nam a22002537a 4500
005 20170123164146.0
010 _aB-028797
020 _c65.00
035 _aB-028797
037 _bCen Lib / Ret
040 _aDPL
_bPN
082 _a
_bਸੈਨੀਅ
100 _aਸੈਨੀ, ਅਜੀਤ
_9121832
245 _aਮਾਨਸ ਕੀ ਜਾਤ :
_cਅਜੀਤ ਸੈਨੀ
_bਨਾਵਲ /
246 _aManas ki jaat : novel /
_bby Ajit Saini
260 _aਅੰਮ੍ਰਿਤਸਰ
_bਲੇਕ ਸਾਹਿਤ ਪ੍ਰਕਾਸ਼ਨ
_c2000
270 _aਲੇਕ ਸਾਹਿਤ ਪ੍ਰਕਾਸ਼ਨ
_bਅੰਮ੍ਰਿਤਸਰ
300 _a112p.
_c21cm(Hb)
650 _aਸਾਹਿਤ -- ਪੰਜਾਬੀ
_9121833
650 _aਪੰਜਾਬੀ -- ਨਾਵਲ
_9121834
650 _aLiterature -- Punjabi
_9114104
650 _aPunjabi Literature-Novel
_91580
942 _2ddc
_cPN
_h
_mਸੈਨੀਅ
999 _c109987
_d109987